MARC details
| 000 -CABECERA |
| campo de control de longitud fija |
03381nam a2200301 i 4500 |
| 001 - NÚMERO DE CONTROL |
| campo de control |
on1520034408 |
| 003 - IDENTIFICADOR DEL NÚMERO DE CONTROL |
| campo de control |
OCoLC |
| 005 - FECHA Y HORA DE LA ÚLTIMA TRANSACCIÓN |
| campo de control |
20250923133016.0 |
| 007 - CAMPO FIJO DE DESCRIPCIÓN FÍSICA--INFORMACIÓN GENERAL |
| campo de control de longitud fija |
ta |
| 008 - DATOS DE LONGITUD FIJA--INFORMACIÓN GENERAL |
| campo de control de longitud fija |
250226t20252025enka b 001 0 eng d |
| 020 ## - NÚMERO INTERNACIONAL ESTÁNDAR DEL LIBRO |
| Número Internacional Estándar del Libro |
9781398621046 |
| Información calificativa |
paperback |
| 024 8# - IDENTIFICADOR DE OTROS ESTÁNDARES |
| Número estándar o código |
CIPO000224271 |
| 035 ## - NÚMERO DE CONTROL DEL SISTEMA |
| Número de control de sistema |
(OCoLC)1520034408 |
| 040 ## - FUENTE DE LA CATALOGACIÓN |
| Centro catalogador/agencia de origen |
UKMGB |
| Lengua de catalogación |
eng |
| Normas de descripción |
rda |
| Centro/agencia transcriptor |
UKMGB |
| Centro/agencia modificador |
OCLCO |
| -- |
YDX |
| -- |
UOH |
| 041 ## - CÓDIGO DE LENGUA |
| Código de lengua del texto/banda sonora o título independiente |
English |
| 050 #4 - SIGNATURA TOPOGRÁFICA DE LA BIBLIOTECA DEL CONGRESO |
| Número de clasificación |
HF5415.1255 |
| Número de documento/Ítem |
.P47 2025 |
| 100 ## - ENTRADA PRINCIPAL--NOMBRE DE PERSONA |
| Nombre de persona |
Perlmutter, Kevin, |
| Término indicativo de función/relación |
author. |
| 9 (RLIN) |
25957 |
| 245 10 - MENCIÓN DE TÍTULO |
| Título |
Brand desire |
| Resto del título |
: spark customer interest using emotional insights |
| Mención de responsabilidad, etc. |
/ Kevin Perlmutter. |
| 264 #1 - PRODUCCIÓN, PUBLICACIÓN, DISTRIBUCIÓN, FABRICACIÓN Y COPYRIGHT |
| Producción, publicación, distribución, fabricación y copyright |
London, United Kingdom ; |
| -- |
New York, NY : |
| Nombre del de productor, editor, distribuidor, fabricante |
KoganPage, |
| Fecha de producción, publicación, distribución, fabricación o copyright |
2025. |
| 300 ## - DESCRIPCIÓN FÍSICA |
| Extensión |
xxi, 234 pages : |
| Otras características físicas |
illustrations ; |
| Dimensiones |
24 cm. |
| 504 ## - NOTA DE BIBLIOGRAFÍA, ETC. |
| Nota de bibliografía, etc. |
Includes bibliographical references and index. |
| 505 ## - NOTA DE CONTENIDO CON FORMATO |
| Nota de contenido con formato |
Section ONE: Feel —<br/>Evolving Brand Strategy —<br/>Shifting from “About Us” to “For You”: AT&T Performing Arts Center Case Study —<br/><br/>Section TWO: Focus —<br/>Discovering Emotional Insights —<br/>Finding a Durable Competitive Advantage: Sundless Case Study —<br/><br/>Section THREE: Connect —<br/>Developing Brand Benefits & Invitations —<br/>Turning Customers into Heroes: Blue Ridge Case Study —<br/><br/>Section FOUR: Evolve —<br/>Designing Brand Expression & Experiences —<br/>Amplifying the Most Compelling Brand Benefits: Scratch Event DJs Case Study —<br/>Differentiating on Brand Experience: ServiceByte Case Study —<br/><br/>Section FIVE: Lead —<br/>Revealing Emotional Insights with Research —<br/>Championing Customer Centricity —<br/>Sustaining Ongoing Brand Evolution: Rise Case Study —<br/>Embracing Your Limbic Sparks Mindset —<br/><br/>Section SIX: Glossary. |
| 520 ## - SUMARIO, ETC. |
| Sumario, etc. |
Brand Desire by Kevin Perlmutter is a comprehensive playbook for senior leaders who want to build brands that deliver measurable and sustainable growth by placing emotional intelligence at the heart of strategy. The book blends data-driven insight, behavioural science and practical frameworks to demonstrate how customer emotions can be harnessed as a powerful driver of loyalty, differentiation and long-term brand equity.<br/><br/>Perlmutter draws on interviews and examples from a wide range of organisations, from arts centres and service providers to emotionally intelligent brands such as Lemonade Insurance, Trader Joe’s, Zappos, Cutco, Bose and Ben & Jerry’s. Through these cases, he illustrates how aligning brand strategy with emotional drivers can deepen customer connections and unlock competitive advantage.<br/><br/>Readers are introduced to evidence-based models and step-by-step tools for strengthening positioning, applying behavioural science, and building governance structures that ensure consistency in brand delivery. The book also emphasises accountability, showing how to track progress, measure ROI and demonstrate the tangible business impact of emotionally intelligent brand building.<br/><br/>With its mix of theory, practice, and actionable guidance, Brand Desire equips executives to rethink traditional approaches, inspire loyalty, safeguard brand equity and achieve sustainable growth in an evolving market landscape. It is both a practical manual and a strategic reflection on the role of emotional insight in modern brand leadership. |
| 650 #0 - PUNTO DE ACCESO ADICIONAL DE MATERIA--TÉRMINO DE MATERIA |
| Término de materia o nombre geográfico como elemento de entrada |
Branding (Marketing) |
| 9 (RLIN) |
6284 |
| 650 #0 - PUNTO DE ACCESO ADICIONAL DE MATERIA--TÉRMINO DE MATERIA |
| Término de materia o nombre geográfico como elemento de entrada |
Branding (Marketing) |
| Subdivisión general |
Psychological aspects. |
| 650 #0 - PUNTO DE ACCESO ADICIONAL DE MATERIA--TÉRMINO DE MATERIA |
| Término de materia o nombre geográfico como elemento de entrada |
Trademarks |
| Subdivisión general |
Design |
| 9 (RLIN) |
23776 |
| 942 ## - ELEMENTOS DE ENTRADA AGREGADA (KOHA) |
| Fuente del sistema de clasificación o colocación |
Clasificación de Library of Congress |